Estadías hospitalarias inadecuadas : aspectos metodológicos para su detección, estimación y predicción /
Guardado en:
| Otros Autores: | , |
|---|---|
| Formato: | Libro |
| Publicado: |
Bahía Blanca :
Ediuns,
2015
|
| Materias: | |
| Etiquetas: |
Agregar Etiqueta
Sin Etiquetas, Sea el primero en etiquetar este registro!
|
| LEADER | 00661nam a22001935a 4500 | ||
|---|---|---|---|
| 001 | EHU.bham044129 | ||
| 003 | AR-BHAM | ||
| 005 | 20160711135019.0 | ||
| 008 | 130507s2015##################000#0#####d | ||
| 020 | |a 9789876550796 | ||
| 082 | 3 | 6 | |a 362.11 |
| 245 | 0 | 0 | |a Estadías hospitalarias inadecuadas : |b aspectos metodológicos para su detección, estimación y predicción / |c Comp. Por Nebel Moscoso : |
| 260 | |a Bahía Blanca : |b Ediuns, |c 2015 | ||
| 300 | |a 104 p. | ||
| 653 | |a Hospitales públicos | ||
| 653 | |a Salud-hospitales | ||
| 700 | 1 | |a Moscoso, Nebel, comp. | |
| 700 | 1 | |a Marcos, Francisco E. | |
| 859 | |a AR-BHAM |b BIB. HUMANIDADES - General |h 362.11 |i Es82 |p 347.16 |t Ej.1 | ||
